Visualizzazione normale
Vista MARC
- Agamben, Giorgio
di Personal Name
Records bibliografici associati: 1
001 - CONTROL NUMBER
- control field: 58875
003 - CONTROL NUMBER IDENTIFIER
- control field:
005 - DATE AND TIME OF LATEST TRANSACTION
- control field: 20210416115941.0
008 - FIXED-LENGTH DATA ELEMENTS
- fixed length control field: 210416|| aca||aabn | a|a d
040 ## - CATALOGING SOURCE
- Original cataloging agency:
- Transcribing agency:
100 ## - HEADING--PERSONAL NAME
- Personal name: Agamben, Giorgio
- Dates associated with a name: 1942-
670 ## - SOURCE DATA FOUND
- Source citation: Work cat.: ()0: Hölderin, Friedrich. 1770-1843 58872, La follia di Hölderin., 2021